ARRUPE JESUIT UNIVERSITY

CORONAVIRUS -STOP THE SPREAD - CLEAN,DISINFECT,COVER

The Nilotes of the Sudan and Uganda. (Record no. 128787)

MARC details
000 -LEADER
fixed length control field 01034cam a22002771 4500
001 - CONTROL NUMBER
control field 7074495
003 - CONTROL NUMBER IDENTIFIER
control field ARRUPE
005 - DATE AND TIME OF LATEST TRANSACTION
control field 20190123121810.0
008 - FIXED-LENGTH DATA ELEMENTS--GENERAL INFORMATION
fixed length control field 780320s1964 enkb b 000 0 eng
010 ## - LIBRARY OF CONGRESS CONTROL NUMBER
LC control number 67004224
035 ## - SYSTEM CONTROL NUMBER
System control number (OCoLC)3731520
040 ## - CATALOGING SOURCE
Original cataloging agency DLC
Transcribing agency MiRochOU
Modifying agency NBrockU
-- DLC
043 ## - GEOGRAPHIC AREA CODE
Geographic area code f-sj---
-- f-ug---
050 00 - LIBRARY OF CONGRESS CALL NUMBER
Classification number SPC. DT132
Item number .B8 1964
300 ## - PHYSICAL DESCRIPTION
Other physical details fold. map.
Dimensions 25 cm.
100 1# - MAIN ENTRY--PERSONAL NAME
Personal name Colson, Audrey Butt.
9 (RLIN) 44040
245 14 - TITLE STATEMENT
Title The Nilotes of the Sudan and Uganda.
Statement of responsibility, etc Audrey Butt
250 ## - EDITION STATEMENT
Edition statement Recorded ed.
260 ## - PUBLICATION, DISTRIBUTION, ETC. (IMPRINT)
Place of publication, distribution, etc London,
Name of publisher, distributor, etc International African Institute
Date of publication, distribution, etc [1964]
300 ## - PHYSICAL DESCRIPTION
Extent 198 p.
440 #0 - SERIES STATEMENT/ADDED ENTRY--TITLE
Title Ethnographic survey of Africa: East Central Africa,
Volume number/sequential designation pt. 4
9 (RLIN) 44041
500 ## - GENERAL NOTE
General note First ed. published in 1952 under title: The Nilotes of the Anglo-Egyptian Sudan and Uganda.
504 ## - BIBLIOGRAPHY, ETC. NOTE
Bibliography, etc Bibliography: p. 182-198. "Supplementary bibliography" ([8] p.) inserted.
650 #0 - SUBJECT ADDED ENTRY--TOPICAL TERM
Topical term or geographic name as entry element Nilotic peoples.
9 (RLIN) 32312
710 2# - ADDED ENTRY--CORPORATE NAME
Corporate name or jurisdiction name as entry element International African Institute.
9 (RLIN) 3663
906 ## - LOCAL DATA ELEMENT F, LDF (RLIN)
a 7
b cbc
c oclcrpl
d u
e ncip
f 19
g y-gencatlg
942 ## - ADDED ENTRY ELEMENTS (KOHA)
Source of classification or shelving scheme Library of Congress Classification
Koha item type SPC
Holdings
Withdrawn status Lost status Source of classification or shelving scheme Damaged status Not for loan Collection code Home library Current library Shelving location Date acquired Total Checkouts Full call number Barcode Date last seen Price effective from Koha item type
    Library of Congress Classification     SPECIAL Collection ARRUPE LIBRARY ARRUPE LIBRARY REFERENCE 21/01/2019   SPC. DT132 .B8 1964 46600002424 21/01/2019 21/01/2019 SPC

 

Arrupe Library. PO Box MP320 Mt Pleasant, Harare, Zimbabwe
263 242 745411|librarian@aju.ac.zw